| 000 | 00519cam a22001337a 4500 | ||
|---|---|---|---|
| 008 | 180718b1999 xxu||||| |||| 00| 0 eng d | ||
| 082 | _aQ31x54 P96 | ||
| 100 | _aPublic Services M.B.A. Induction Module India-U.K. Context (August-September, 1999: Indian Institute of Public Administration, New Delhi) | ||
| 245 | _aPoverty related issues (Course material) | ||
| 260 |
_aNew Delhi _bIndian Institute of Public Administration _c1999 |
||
| 300 | _av.p. | ||
| 650 | _aIndia - Economic conditions | ||
| 650 | _aPoverty - India | ||
| 999 |
_c487715 _d487715 |
||